000 00440 a2200157 4500
005 20250629100740.0
020 _a978-1-292-16240-9
082 _a657 ELL
100 _aELLIOTT,B.
245 _aFinancial Account and Reporting
250 _a18th Ed.
260 _aEdinburgh Gate,
_bPearson Education Limited,
_c2017.
300 _axxvii,873p.:ill.;figures, tables
_bBibliography and Index
_c25cm
700 _aElliot,Jamie
942 _2ddc
_cBKS
999 _c6249
_d6249